000 00671nam a22002177a 4500
003 OSt
005 20160823183100.0
008 160823b xxu||||| |||| 00| 0 eng d
020 _a978-0-340-93954-3
040 _cLIC
082 _22008
_aDC 371.64
_bL75
245 _aLiving language and literature/
_cJane Bluett and John Shuttleworth, series editors.
250 _a2nd Edition
260 _aUK:
_bHodder Education,
_cc2008.
300 _aviii, 291 pages;
_c27 cm.
500 _aIncludes glossary
650 0 _913565
_aLanguage and literature
700 _913566
_aBluett, Jane
_eseries editor
700 _913568
_aShuttleworth, John
_eseries editor
942 _2ddc
_cDC
999 _c4074
_d4074